000 00308nam a2200121Ia 4500
008 190216s9999||||xx |||||||||||||| ||und||
100 _aHarry F Davis & Arthur David Snider
245 0 _aVector Analysis
250 _aSIXTH
260 _bUniversal Bookstall Newdelhi
_c1992
300 _a408
942 _cBK
999 _c31356
_d31356